Cultivo de tejidos vegetales
Uloženo v:
| Hlavní autoři: | , |
|---|---|
| Médium: | Kniha |
| Jazyk: | španělština |
| Vydáno: |
Ciudad de México
Trillas
1987
|
| Vydání: | 1a. ed |
| Témata: | |
| Tagy: |
Přidat tag
Žádné tagy, Buďte první, kdo vytvoří štítek k tomuto záznamu!
|
MARC
| LEADER | 00000cam a2200000 a 4500 | ||
|---|---|---|---|
| 001 | UCE6084 | ||
| 003 | CL-VaPUC | ||
| 008 | 150319e19870000mx |||||||||||||||||spa|d | ||
| 020 | |a 9789682421594 | ||
| 082 | 0 | 4 | |a 631.54 |b HUR |2 21 |
| 100 | 0 | |a Hurtado M., Daniel V |e author |9 578761 | |
| 700 | 0 | |a Merino M., María Eugenia |e author |9 578762 | |
| 245 | 1 | 0 | |a Cultivo de tejidos vegetales |
| 250 | |a 1a. ed | ||
| 300 | |a 232 p | ||
| 942 | |c BK | ||
| 945 | |d 20150319 12:57:00 |a arojas | ||
| 260 | |a Ciudad de México |b Trillas |c 1987 | ||
| 650 | 0 | |a Cultivo de tejidos vegetales |9 326066 | |
| 650 | 0 | |a Propagación de plantas |9 339631 | |
| 650 | 7 | |a REGULADORES DE CRECIMIENTO |2 CL-VaPUC |9 578763 | |
| 583 | |a last modification |c 20150319 12:57:00 |k Rodrigo Vera | ||
| 999 | |c 358552 |d 358550 | ||
| 952 | |0 0 |1 0 |3 erb |4 0 |6 631_540000000000000_HUR_1987 |7 0 |8 A |9 467337 |a BIBAGR |b BIBAGR |i 5141621 |l 1 |o 631.54 HUR 1987 |p 5141621 |r 2025-01-20 |s 2023-06-28 |w 2019-11-23 |y BK |z Catalogado en:20150319 |k AGR | ||
| 952 | |0 0 |1 1 |2 ddc |3 erb |4 0 |6 631_540000000000000_HUR_1987 |7 0 |8 A |9 467338 |a BIBAGR |b BIBAGR |i 514163K |l 1 |m 1 |o 631.54 HUR 1987 |p 514163K |r 2022-12-07 |s 2022-11-10 |w 2019-11-23 |y BK |z Catalogado en:20150319 |k AGR | ||